01040 2200301 4500001002100000005001500021035002000036007000300056008004100059020003000100040001200130082001500142084001700157090002200174100003000196245019400226300004500420650005300465700002400518850001200542504003100554264003500585336002100620337003000641338002300671999002200694990002200716INLIS00000000089878920250807114302 a0010-0825000223ta240912s2024 yoia d ind d a978-623-314-267-0 (jil.2) aYOPDYOG04223a230.07 a230.07 EPA b aCB-D.11 2024-71120 aEpafras MujonoePengarang10aBuku pelengkap pembelajaran pendidikan agama Kristen dan budi pekerti SMA kelas XI :bmengutamakan pembangunan karakter kristiani dalam bingkai moderasi beragama /cEpafras Mujono, Lie Agan aiv, 92 halaman :btabel, gambar ;c25 cm 4aPendidikan Agama Kristen--xStudi dan pengajaran0 aLie AganePengarang aYOPDYOG aBibliografi: halaman 91-9231aYogyakarta :bPBMR Andi,c2024 2rdacontentateks 2rdamediaatanpa perantara 2rdacarrieravolume aCB-D.11/2024-7112 aCB-D.11/2024-7112